书目信息 |
| 题名: |
装配式建筑混凝土结构施工技术
|
|
| 作者: | 孙俊霞 , 王丽梅 主编 | |
| 分册: | ||
| 出版信息: | 成都 西南交通大学出版社 2019.10 |
|
| 页数: | 177页 | |
| 开本: | 26cm | |
| 丛书名: | 装配式建筑建造系列教材 | |
| 单 册: | ||
| 中图分类: | TU755 | |
| 科图分类: | ||
| 主题词: | 装配式混凝土结构--zhuang pei shi hun ning tu jie gou--混凝土施工--教材 | |
| 电子资源: | ||
| ISBN: | 978-7-5643-7172-2 | |
| 000 | 01098nam 2200277 450 | |
| 001 | 0100028833 | |
| 005 | 20211025120159.0 | |
| 010 | @a978-7-5643-7172-2@dCNY35.00 | |
| 100 | @a20191225d2019 em y0chiy50 ea | |
| 101 | 0 | @achi |
| 102 | @aCN@b510000 | |
| 105 | @aa a 000yy | |
| 106 | @ar | |
| 200 | 1 | @a装配式建筑混凝土结构施工技术@Azhuang pei shi jian zhu hun ning tu jie gou shi gong ji shu@f主编孙俊霞, 王丽梅 |
| 210 | @a成都@c西南交通大学出版社@d2019.10 | |
| 215 | @a177页@c图@d26cm | |
| 225 | 2 | @a装配式建筑建造系列教材@Azhuang pei shi jian zhu jian zao xi lie jiao cai |
| 320 | @a有书目 (第176-177页) | |
| 330 | @a本书以某装配式PC结构工程为实例, 模拟现场施工顺序, 从混凝土结构施工前准备工作、基础工程施工、主体工程施工、防水工程施工来全面介绍装配式建筑混凝土结构工程施工。 | |
| 410 | 0 | @12001 @a装配式建筑建造系列教材 |
| 606 | 0 | @a装配式混凝土结构@Azhuang pei shi hun ning tu jie gou@x混凝土施工@j教材 |
| 690 | @aTU755@v5 | |
| 701 | 0 | @a孙俊霞@Asun jun xia@4主编 |
| 701 | 0 | @a王丽梅@Awang li mei@4主编 |
| 801 | 0 | @aCN@c20210909 |
| 905 | @a河南城建学院图书馆@dTU755@eS927 | |
| 装配式建筑混凝土结构施工技术/主编孙俊霞, 王丽梅.-成都:西南交通大学出版社,2019.10 |
| 177页:图;26cm.-(装配式建筑建造系列教材) |
| ISBN 978-7-5643-7172-2:CNY35.00 |
| 本书以某装配式PC结构工程为实例, 模拟现场施工顺序, 从混凝土结构施工前准备工作、基础工程施工、主体工程施工、防水工程施工来全面介绍装配式建筑混凝土结构工程施工。 |
| ● |
| 相关链接 |
|
|
|
正题名:装配式建筑混凝土结构施工技术
索取号:TU755/S927
 
预约/预借
| 序号 | 登录号 | 条形码 | 馆藏地/架位号 | 状态 | 备注 |
| 1 | 1546088 | 215460882 | 建筑库201/201建筑库 42排2列3层/ [索取号:TU755/S927] | 在馆 | |
| 2 | 1546089 | 215460891 | 建筑库201/201建筑库 42排2列3层/ [索取号:TU755/S927] | 在馆 |